<?xml version="1.0" encoding="UTF-8"?>
<record
    xmlns:xsi="http://www.w3.org/2001/XMLSchema-instance"
    xsi:schemaLocation="http://www.loc.gov/MARC21/slim http://www.loc.gov/standards/marcxml/schema/MARC21slim.xsd"
    xmlns="http://www.loc.gov/MARC21/slim">

  <leader>03680pam a22003371i 4500</leader>
  <datafield tag="999" ind1=" " ind2=" ">
    <subfield code="c">29284</subfield>
    <subfield code="d">29284</subfield>
  </datafield>
  <controlfield tag="003">CUTN</controlfield>
  <controlfield tag="005">20190809114400.0</controlfield>
  <controlfield tag="008">151216s2016    dcu     o     000|0|eng|d</controlfield>
  <datafield tag="020" ind1=" " ind2=" ">
    <subfield code="a">9781119067689 (ePub ebook) :</subfield>
  </datafield>
  <datafield tag="020" ind1=" " ind2=" ">
    <subfield code="a">9781119067788</subfield>
  </datafield>
  <datafield tag="041" ind1=" " ind2=" ">
    <subfield code="a">English</subfield>
  </datafield>
  <datafield tag="082" ind1="0" ind2="4">
    <subfield code="a">174.955</subfield>
    <subfield code="2">23</subfield>
    <subfield code="b">GUN</subfield>
  </datafield>
  <datafield tag="100" ind1="1" ind2="0">
    <subfield code="a">Gundersen, Linda C. </subfield>
  </datafield>
  <datafield tag="245" ind1="1" ind2="0">
    <subfield code="a">Scientific integrity and ethics in the geosciences :</subfield>
    <subfield code="c">Linda C. Gundersen.</subfield>
  </datafield>
  <datafield tag="250" ind1=" " ind2=" ">
    <subfield code="a">1st</subfield>
  </datafield>
  <datafield tag="300" ind1=" " ind2=" ">
    <subfield code="a">1 online resource.</subfield>
  </datafield>
  <datafield tag="500" ind1=" " ind2=" ">
    <subfield code="a">Academic</subfield>
  </datafield>
  <datafield tag="505" ind1="0" ind2=" ">
    <subfield code="a">Table of Contents Contributors Preface Acknowledgements Section Chapter 1.&#xA0; The Origin, Objectives and Evolution of the World Conferences on Research Integrity; Nicholas H. Steneck, Tony Mayer, Melissa S. Anderson, Sabine Kleinert Chapter 2.&#xA0; Fostering Integrity in Research: Overview of the National Academies of Sciences, Engineering, and Medicine Report; Thomas Arrison and Robert Nerem Chapter 3.&#xA0; Scientific Integrity &#x2013; Recent Department of Interior Policies, Codes, and their Implementation; Alan Thornhill and Rick Coleman SectionChapter 4. The American Geosciences Institute Guidelines for Ethical Professional Conduct; Maeve A. Boland and David W. Mogk Chapter 5.</subfield>
    <subfield code="t"> I.&#xA0;&#xA0; Examples of Recently Developed International and National Codes and Policies</subfield>
    <subfield code="t"> II.&#xA0;&#xA0; The Role of Geoscience Professional Societies in Scientific Integrity and Ethics </subfield>
    <subfield code="t">III. Scientific Integrity and Ethics in Publications and Data</subfield>
    <subfield code="t">IV.  Ethical Values and Geoethics</subfield>
  </datafield>
  <datafield tag="505" ind1="0" ind2=" ">
    <subfield code="a">American Geophysical Union Adopts and Implements A New Scientific Integrity and Professional Ethics Policy; Michael McPhaden Chapter 6. The National Association of State Boards of Geology (ASBOG&#xAE;) Involvement in Geoscience Professional Ethics; John Williams Chapter 7. Brief History and Application of Enforceable Professional Geoscience Ethics Codes; David M. Abbott, Jr. Section III.&#xA0;&#xA0; Scientific Integrity and Ethics in Publications and Data Chapter 8. The New Landscape of Ethics and Integrity in Scholarly Publishing, Brooks Hanson Chapter 9. Scientific Integrity and Ethical Considerations for the Research Data Life Cycle; Linda C. Gundersen Section IV.&#xA0;&#xA0; Ethical Values and Geoethics Chapter 10. Understanding Coupled Ethical-Epistemic Issues Relevant to Climate Modeling and Decision Support Science; Nancy Tuana Chapter 11. The Emerging Field of Geoethics; Peter Bobrowsky, Vincent S.</subfield>
  </datafield>
  <datafield tag="505" ind1="0" ind2=" ">
    <subfield code="a">Cronin, Giuseppe Di Capua, Susan W. Kieffer, Silvia Peppoloni Section V.&#xA0;&#xA0; Scientific Integrity, Ethics, and Geoethics in Education Chapter 12. Experiential Ethics Education Vance S. Martin and Donna C. Tonini Chapter 13. Teaching Geoethics Across the Geoscience Curriculum: Why, When, What, How, and Where?&#xA0;; David W. Mogk, John W. Geissman, and Monica Z. Bruckner Chapter 14. Facilitating a Geoscience Student's Ethical Development; Vincent S. Cronin Appendix A. Case Studies for Science Integrity and Geoethics Practice Appendix B. &#xA0;Resources and References for Scientific Integrity, Ethics, and Geoethics &#xA0;</subfield>
  </datafield>
  <datafield tag="650" ind1=" " ind2="0">
    <subfield code="a">Earth sciences</subfield>
  </datafield>
  <datafield tag="700" ind1="1" ind2=" ">
    <subfield code="a">Gundersen, Linda C.,</subfield>
  </datafield>
  <datafield tag="942" ind1=" " ind2=" ">
    <subfield code="2">ddc</subfield>
    <subfield code="c">BOOKS</subfield>
  </datafield>
  <datafield tag="100" ind1="1" ind2="0">
    <subfield code="e">author.</subfield>
  </datafield>
  <datafield tag="490" ind1="0" ind2=" ">
    <subfield code="a">Special Publications</subfield>
    <subfield code="v">73</subfield>
  </datafield>
  <datafield tag="506" ind1="1" ind2=" ">
    <subfield code="a">Legal Deposit;</subfield>
    <subfield code="c">Only available on premises controlled by the deposit library and to one user at any one time;</subfield>
    <subfield code="e">The Legal Deposit Libraries (Non-Print Works) Regulations (UK).</subfield>
    <subfield code="5">UkOxU</subfield>
  </datafield>
  <datafield tag="540" ind1=" " ind2=" ">
    <subfield code="a">Restricted: Printing from this resource is governed by The Legal Deposit Libraries (Non-Print Works) Regulations (UK) and UK copyright law currently in force.</subfield>
    <subfield code="5">UkOxU</subfield>
  </datafield>
  <datafield tag="650" ind1=" " ind2="0">
    <subfield code="x">Research</subfield>
    <subfield code="x">Moral and ethical aspects.</subfield>
  </datafield>
  <datafield tag="700" ind1="1" ind2=" ">
    <subfield code="e">editor</subfield>
  </datafield>
  <datafield tag="952" ind1=" " ind2=" ">
    <subfield code="0">0</subfield>
    <subfield code="1">0</subfield>
    <subfield code="2">ddc</subfield>
    <subfield code="4">0</subfield>
    <subfield code="7">0</subfield>
    <subfield code="8">NFIC</subfield>
    <subfield code="a">CUTN</subfield>
    <subfield code="b">CUTN</subfield>
    <subfield code="c">100</subfield>
    <subfield code="d">2019-08-09</subfield>
    <subfield code="l">0</subfield>
    <subfield code="o">174.955 GUN</subfield>
    <subfield code="p">38220</subfield>
    <subfield code="r">2019-08-09 00:00:00</subfield>
    <subfield code="w">2019-08-09</subfield>
    <subfield code="y">BOOKS</subfield>
  </datafield>
</record>
